000 01097cam a22003011 4500
001 rc 01002232
003 DLC
005 20260227111906.0
007 cr_|||||||||||
008 820309s1881 ilubcf 000 0 eng
010 _arc 01002232
035 _a(OCoLC)8227777
040 _aDLC
_cO
_dDLC
042 _apremarc
050 0 0 _aF497.S9
_bP4
100 1 _aPerrin, William Henry,
_d-1892?
245 1 0 _aHistory of Summit County,
_bwith an outline sketch of Ohio.
_cEd. by William Henry Perrin ...
260 _aChicago,
_bBaskin & Battey,
_c1881.
300 _avi, [11]-1050 (i.e.1056) p.
_bpl., ports., maps.
_c25 cm.
500 _aExtra numbered pages 320a-320f inserted after p. 320.
500 _aHistory of Ohio, by A.A. Graham : p. [11]-180.
500 _aIncludes biographical sketches.
530 _aAlso available in digital form on the Internet Archive Web site.
651 0 _aSummit County (Ohio)
_xHistory.
651 0 _aSummit County (Ohio)
_vBiography.
700 1 _aGraham, A. A.
_q(Albert Adams),
_d1848-
856 4 1 _uhttp://hdl.loc.gov/loc.gdc/scd0001.00145748161
999 _c52273
_d52273